000 00424nam a2200181Ia 4500
003 0100
008 130227s9999 xx 000 0 und d
040 _cARRUPELIB
050 _aJQ1875.A55D4T87 2011
100 _aMustapha, Abdul Raufu
245 _aTurning points in African democracy
260 _aSuffolk
260 _bJames Currey
260 _C2011
300 _axix
300 _b 235p. 24cm.
942 _2lcc
_08
999 _c6209
_d6209